| 000 | 01107nam a2200241 a 4500 | ||
|---|---|---|---|
| 003 | BD-DhJNU | ||
| 005 | 20260121083628.0 | ||
| 008 | 251108s2019 bg |||g |||| 000 1|ben|d | ||
| 020 | _a9789843462022 | ||
| 040 |
_aBD-DhJNU _bben _cBD-DhJNU _dBD-DhJNU |
||
| 041 | _aben | ||
| 082 |
_a297.14 ISI _223 |
||
| 100 | _aইসলাম, মোঃ নজরুল | ||
| 245 | 1 | 0 |
_aইসললামের দৃষ্টিতে মানবতার বিরুদ্ধে অপরাধের বিচার / _cমোঃ নজরুল ইসলাম |
| 246 | _aIslamer drishtite manobotar biruddhe oparadher bichar | ||
| 250 | _a1st ed. | ||
| 260 |
_aঢাকা : _bজগন্নাথ বিশ্ববিদ্যালয়, _c2019. |
||
| 300 |
_a২২২ পৃ. : _bচিত্র ; _c২২ সেমি.। |
||
| 504 | _aগ্রন্থপঞ্জিগত নির্দেশিকা ও নিঘন্ট অন্তভূক্ত | ||
| 650 | _aমানবতার বিরুদ্ধে অপরাধ | ||
| 650 | _aCrimes against humanity | ||
| 942 | _cBK | ||
| 999 |
_c2551 _d2551 |
||